[Event "DEM U14w 2023"]
[Site "Willingen GER"]
[Date "2023.05.31"]
[Round "6"]
[White "Schwarzfischer, Julia"]
[Black "Neumeier, Valentina"]
[Result "1-0"]
[Termination "normal"]
[Board "5"]
[WhiteElo "1364"]
[BlackElo "1549"]
[WhiteClock "01:04:30"]
[BlackClock "00:03:13"]
[PlyCount "175"]
[WhiteFideId "16268105"]
[BlackFideId "34608222"]
[EventCountry "GER"]
[EventRounds "9"]
[EventType "swiss"]
[EventDate "2023.05.27"]

1. e4 {[%clk 01:30:58]} {[%emt 00:00:02]} e5 {[%clk 01:30:56]} {[%emt
00:00:05]} 2. Nf3 {[%clk 01:31:11]} {[%emt 00:00:16]} Nc6 {[%clk 01:31:19]}
{[%emt 00:00:07]} 3. Bc4 {[%clk 01:31:36]} {[%emt 00:00:05]} Bc5 {[%clk
01:31:44]} {[%emt 00:00:06]} 4. c3 {[%clk 01:31:57]} {[%emt 00:00:08]} Nf6
{[%clk 01:32:05]} {[%emt 00:00:10]} 5. d3 {[%clk 01:32:21]} {[%emt 00:00:06]}
d6 {[%clk 01:32:23]} {[%emt 00:00:11]} 6. a4 {[%clk 01:32:35]} {[%emt
00:00:17]} a6 {[%clk 01:32:06]} {[%emt 00:00:46]} 7. h3 {[%clk 01:32:58]}
{[%emt 00:00:06]} Ba7 {[%clk 01:31:25]} {[%emt 00:01:11]} 8. Bb3 {[%clk
01:32:55]} {[%emt 00:00:33]} h6 {[%clk 01:29:08]} {[%emt 00:02:48]} 9. Be3
{[%clk 01:32:42]} {[%emt 00:00:42]} Bxe3 {[%clk 01:27:48]} {[%emt 00:01:51]}
10. fxe3 {[%clk 01:33:07]} {[%emt 00:00:06]} Be6 {[%clk 01:27:26]} {[%emt
00:00:51]} 11. Bc2 {[%clk 01:33:10]} {[%emt 00:00:26]} d5 {[%clk 01:21:14]}
{[%emt 00:06:43]} 12. exd5 {[%clk 01:33:21]} {[%emt 00:00:19]} Qxd5 {[%clk
01:20:02]} {[%emt 00:01:42]} 13. e4 {[%clk 01:33:33]} {[%emt 00:00:18]} Qd6
{[%clk 01:19:36]} {[%emt 00:00:49]} 14. O-O {[%clk 01:32:48]} {[%emt 00:01:22]}
Rd8 {[%clk 01:14:01]} {[%emt 00:06:05]} 15. Qe2 {[%clk 01:30:08]} {[%emt
00:03:08]} O-O {[%clk 01:10:19]} {[%emt 00:04:14]} 16. Kh1 {[%clk 01:29:52]}
{[%emt 00:00:45]} Nh5 {[%clk 01:05:36]} {[%emt 00:05:14]} 17. Qf2 {[%clk
01:28:08]} {[%emt 00:02:13]} Bc8 {[%clk 00:55:36]} {[%emt 00:10:31]} 18. Na3
{[%clk 01:27:10]} {[%emt 00:01:28]} Qg6 {[%clk 00:52:15]} {[%emt 00:03:51]} 19.
Kh2 {[%clk 01:24:50]} {[%emt 00:02:53]} Qd6 {[%clk 00:38:38]} {[%emt 00:14:04]}
20. Nc4 {[%clk 01:24:18]} {[%emt 00:01:01]} Qe7 {[%clk 00:38:13]} {[%emt
00:00:48]} 21. d4 {[%clk 01:20:08]} {[%emt 00:04:49]} exd4 {[%clk 00:35:38]}
{[%emt 00:03:04]} 22. Nxd4 {[%clk 01:19:05]} {[%emt 00:01:33]} Ne5 {[%clk
00:28:31]} {[%emt 00:07:36]} 23. Ne3 {[%clk 01:15:59]} {[%emt 00:03:37]} Ng6
{[%clk 00:23:24]} {[%emt 00:05:37]} 24. Nd5 {[%clk 01:06:46]} {[%emt 00:09:43]}
Qe5+ {[%clk 00:21:22]} {[%emt 00:02:30]} 25. g3 {[%clk 01:05:59]} {[%emt
00:01:18]} c6 {[%clk 00:19:11]} {[%emt 00:02:42]} 26. Ne3 {[%clk 01:03:33]}
{[%emt 00:02:55]} Nf6 {[%clk 00:18:52]} {[%emt 00:00:50]} 27. Nc4 {[%clk
01:01:23]} {[%emt 00:02:40]} Qe7 {[%clk 00:17:37]} {[%emt 00:01:41]} 28. Nf5
{[%clk 01:00:35]} {[%emt 00:01:23]} Qe6 {[%clk 00:17:28]} {[%emt 00:00:37]} 29.
Nd2 {[%clk 00:49:05]} {[%emt 00:12:01]} Ne7 {[%clk 00:15:38]} {[%emt 00:02:21]}
30. Bb3 {[%clk 00:47:54]} {[%emt 00:01:41]} Qd7 {[%clk 00:15:38]} {[%emt
00:00:27]} 31. Rad1 {[%clk 00:39:14]} {[%emt 00:09:13]} Nxe4 {[%clk 00:11:54]}
{[%emt 00:04:14]} 32. Nxh6+ {[%clk 00:39:15]} {[%emt 00:00:28]} Kh7 {[%clk
00:11:13]} {[%emt 00:01:11]} 33. Nxe4 {[%clk 00:37:40]} {[%emt 00:02:06]} Qxh3+
{[%clk 00:10:16]} {[%emt 00:01:27]} 34. Kg1 {[%clk 00:38:05]} {[%emt 00:00:05]}
Qxh6 {[%clk 00:09:27]} {[%emt 00:01:19]} 35. Rxd8 {[%clk 00:37:48]} {[%emt
00:00:48]} Rxd8 {[%clk 00:09:13]} {[%emt 00:00:43]} 36. Bxf7 {[%clk 00:36:18]}
{[%emt 00:02:00]} Bf5 {[%clk 00:06:24]} {[%emt 00:03:19]} 37. Qf4 {[%clk
00:34:11]} {[%emt 00:02:37]} Qxf4 {[%clk 00:03:47]} {[%emt 00:03:07]} 38. Rxf4
{[%clk 00:34:34]} {[%emt 00:00:06]} g6 {[%clk 00:02:05]} {[%emt 00:02:12]} 39.
Nc5 {[%clk 00:32:14]} {[%emt 00:02:51]} Rd1+ {[%clk 00:02:17]} {[%emt
00:00:17]} 40. Kg2 {[%clk 00:31:47]} {[%emt 00:00:57]} Kg7 {[%clk 00:01:18]}
{[%emt 00:01:29]} 41. Be6 {[%clk 00:31:35]} {[%emt 00:00:43]} Nd5 {[%clk
00:20:31]} {[%emt 00:11:17]} 42. Bxd5 {[%clk 01:01:36]} {[%emt 00:00:29]} Rxd5
{[%clk 00:19:51]} {[%emt 00:01:10]} 43. Nxb7 {[%clk 00:59:46]} {[%emt
00:02:20]} Bc8 {[%clk 00:18:27]} {[%emt 00:01:54]} 44. Rb4 {[%clk 00:59:44]}
{[%emt 00:00:31]} Kf6 {[%clk 00:17:20]} {[%emt 00:01:38]} 45. Rb6 {[%clk
00:59:54]} {[%emt 00:00:20]} Ke5 {[%clk 00:15:14]} {[%emt 00:02:36]} 46. c4
{[%clk 00:59:26]} {[%emt 00:00:58]} Rd2+ {[%clk 00:14:58]} {[%emt 00:00:46]}
47. Kf3 {[%clk 00:59:36]} {[%emt 00:00:20]} Rd3+ {[%clk 00:14:55]} {[%emt
00:00:33]} 48. Kf2 {[%clk 00:59:47]} {[%emt 00:00:18]} Kd4 {[%clk 00:12:45]}
{[%emt 00:02:39]} 49. Na5 {[%clk 00:58:54]} {[%emt 00:01:25]} Rd2+ {[%clk
00:10:50]} {[%emt 00:02:25]} 50. Kf3 {[%clk 00:58:55]} {[%emt 00:00:29]} Rd3+
{[%clk 00:11:05]} {[%emt 00:00:14]} 51. Kf4 {[%clk 00:58:23]} {[%emt 00:01:02]}
g5 {[%clk 00:09:24]} {[%emt 00:02:11]} 52. Kxg5 {[%clk 00:58:45]} {[%emt
00:00:08]} Rxg3+ {[%clk 00:09:50]} {[%emt 00:00:04]} 53. Kf4 {[%clk 00:59:06]}
{[%emt 00:00:09]} Rg4 {[%clk 00:09:38]} {[%emt 00:00:42]} 54. Kf3 {[%clk
00:59:32]} {[%emt 00:00:04]} c5 {[%clk 00:08:16]} {[%emt 00:01:53]} 55. Rd6+
{[%clk 00:59:37]} {[%emt 00:00:24]} Ke5 {[%clk 00:08:21]} {[%emt 00:00:24]} 56.
Rd5+ {[%clk 00:59:43]} {[%emt 00:00:25]} Kf6 {[%clk 00:07:39]} {[%emt
00:01:12]} 57. Rxc5 {[%clk 00:59:57]} {[%emt 00:00:17]} Rg8 {[%clk 00:06:31]}
{[%emt 00:01:38]} 58. Rc7 {[%clk 00:59:58]} {[%emt 00:00:29]} Ke5 {[%clk
00:05:43]} {[%emt 00:01:07]} 59. Ke3 {[%clk 00:59:02]} {[%emt 00:01:36]} Kd6
{[%clk 00:05:26]} {[%emt 00:00:47]} 60. Rc6+ {[%clk 00:59:15]} {[%emt
00:00:17]} Ke5 {[%clk 00:05:03]} {[%emt 00:00:54]} 61. Kd3 {[%clk 00:59:11]}
{[%emt 00:00:33]} Rg3+ {[%clk 00:05:10]} {[%emt 00:00:23]} 62. Kd2 {[%clk
00:59:24]} {[%emt 00:00:16]} Rg2+ {[%clk 00:04:31]} {[%emt 00:01:10]} 63. Kc3
{[%clk 00:59:47]} {[%emt 00:00:08]} Bf5 {[%clk 00:03:31]} {[%emt 00:01:30]} 64.
Rxa6 {[%clk 00:59:29]} {[%emt 00:00:48]} Rg3+ {[%clk 00:03:30]} {[%emt
00:00:31]} 65. Kb4 {[%clk 00:59:42]} {[%emt 00:00:16]} Rg2 {[%clk 00:03:17]}
{[%emt 00:00:44]} 66. b3 {[%clk 00:59:37]} {[%emt 00:00:34]} Rg8 {[%clk
00:02:43]} {[%emt 00:01:04]} 67. Nc6+ {[%clk 00:59:32]} {[%emt 00:00:35]} Ke4
{[%clk 00:02:42]} {[%emt 00:00:28]} 68. Ka5 {[%clk 00:59:16]} {[%emt 00:00:49]}
Bc8 {[%clk 00:02:31]} {[%emt 00:00:41]} 69. Ra8 {[%clk 00:59:11]} {[%emt
00:00:35]} Rg5+ {[%clk 00:02:36]} {[%emt 00:00:25]} 70. Kb6 {[%clk 00:59:10]}
{[%emt 00:00:31]} Bd7 {[%clk 00:02:21]} {[%emt 00:00:46]} 71. Rd8 {[%clk
00:59:25]} {[%emt 00:00:15]} Bh3 {[%clk 00:01:59]} {[%emt 00:00:50]} 72. Rd4+
{[%clk 00:59:42]} {[%emt 00:00:14]} Ke3 {[%clk 00:02:08]} {[%emt 00:00:21]} 73.
a5 {[%clk 01:00:00]} {[%emt 00:00:13]} Rg6 {[%clk 00:01:50]} {[%emt 00:00:48]}
74. Rd5 {[%clk 01:00:03]} {[%emt 00:00:26]} Bg2 {[%clk 00:01:56]} {[%emt
00:00:25]} 75. Rc5 {[%clk 01:00:24]} {[%emt 00:00:08]} Kd3 {[%clk 00:01:58]}
{[%emt 00:00:28]} 76. a6 {[%clk 01:00:42]} {[%emt 00:00:13]} Rg8 {[%clk
00:01:38]} {[%emt 00:00:49]} 77. a7 {[%clk 01:00:38]} {[%emt 00:00:35]} Kc3
{[%clk 00:01:38]} {[%emt 00:00:29]} 78. b4 {[%clk 01:00:58]} {[%emt 00:00:10]}
Bxc6 {[%clk 00:01:58]} {[%emt 00:00:10]} 79. Rxc6 {[%clk 01:01:17]} {[%emt
00:00:12]} Kxb4 {[%clk 00:02:21]} {[%emt 00:00:06]} 80. Kb7 {[%clk 01:01:38]}
{[%emt 00:00:09]} Rg7+ {[%clk 00:01:34]} {[%emt 00:01:17]} 81. Rc7 {[%clk
01:01:57]} {[%emt 00:00:12]} Rxc7+ {[%clk 00:01:21]} {[%emt 00:00:43]} 82. Kxc7
{[%clk 01:02:22]} {[%emt 00:00:05]} Kxc4 {[%clk 00:01:46]} {[%emt 00:00:04]}
83. a8=Q {[%clk 01:02:47]} {[%emt 00:00:05]} Kb5 {[%clk 00:02:05]} {[%emt
00:00:11]} 84. Qc6+ {[%clk 01:02:54]} {[%emt 00:00:24]} Kb4 {[%clk 00:02:16]}
{[%emt 00:00:18]} 85. Qc2 {[%clk 01:03:19]} {[%emt 00:00:05]} Kb5 {[%clk
00:02:39]} {[%emt 00:00:07]} 86. Qc3 {[%clk 01:03:43]} {[%emt 00:00:06]} Ka6
{[%clk 00:02:49]} {[%emt 00:00:21]} 87. Qb4 {[%clk 01:04:04]} {[%emt 00:00:08]}
Ka7 {[%clk 00:03:13]} {[%emt 00:00:07]} 88. Qb7# {[%clk 01:04:30]} {[%emt
00:00:03]} 1-0

[Event "DEM U14w 2023"]
[Site "Willingen GER"]
[Date "2023.05.31"]
[Round "6"]
[White "Kopylov, Diana"]
[Black "Burlutskaia, Maria"]
[Result "0-1"]
[Termination "normal"]
[Board "6"]
[WhiteElo "1378"]
[BlackElo "1510"]
[WhiteClock "00:01:55"]
[BlackClock "00:04:55"]
[PlyCount "78"]
[WhiteFideId "16268865"]
[BlackFideId "34607137"]
[EventCountry "GER"]
[EventRounds "9"]
[EventType "swiss"]
[EventDate "2023.05.27"]

1. e4 {[%clk 01:30:58]} {[%emt 00:00:02]} e5 {[%clk 01:30:56]} {[%emt
00:00:04]} 2. Nf3 {[%clk 01:31:22]} {[%emt 00:00:05]} Nc6 {[%clk 01:31:22]}
{[%emt 00:00:05]} 3. Nc3 {[%clk 01:31:46]} {[%emt 00:00:06]} Nf6 {[%clk
01:31:48]} {[%emt 00:00:04]} 4. d4 {[%clk 01:32:02]} {[%emt 00:00:13]} exd4
{[%clk 01:32:13]} {[%emt 00:00:05]} 5. Nxd4 {[%clk 01:32:24]} {[%emt 00:00:09]}
Bb4 {[%clk 01:32:39]} {[%emt 00:00:05]} 6. Nxc6 {[%clk 01:32:17]} {[%emt
00:00:37]} bxc6 {[%clk 01:33:03]} {[%emt 00:00:05]} 7. Bd3 {[%clk 01:31:57]}
{[%emt 00:00:49]} d5 {[%clk 01:33:15]} {[%emt 00:00:19]} 8. exd5 {[%clk
01:30:34]} {[%emt 00:01:53]} cxd5 {[%clk 01:33:36]} {[%emt 00:00:09]} 9. O-O
{[%clk 01:30:37]} {[%emt 00:00:27]} O-O {[%clk 01:33:58]} {[%emt 00:00:08]} 10.
h3 {[%clk 01:30:15]} {[%emt 00:00:52]} c6 {[%clk 01:33:15]} {[%emt 00:01:13]}
11. Qf3 {[%clk 01:29:52]} {[%emt 00:00:53]} Be6 {[%clk 01:24:51]} {[%emt
00:08:53]} 12. Na4 {[%clk 01:22:25]} {[%emt 00:07:58]} Re8 {[%clk 01:15:09]}
{[%emt 00:10:12]} 13. c3 {[%clk 01:22:18]} {[%emt 00:00:36]} Bd6 {[%clk
01:13:10]} {[%emt 00:02:28]} 14. Bf4 {[%clk 01:21:33]} {[%emt 00:01:17]} Rb8
{[%clk 01:11:58]} {[%emt 00:01:42]} 15. b3 {[%clk 01:16:40]} {[%emt 00:05:22]}
Qc7 {[%clk 01:04:50]} {[%emt 00:07:38]} 16. Be3 {[%clk 01:10:31]} {[%emt
00:06:39]} Nd7 {[%clk 01:01:44]} {[%emt 00:03:36]} 17. Bc2 {[%clk 01:03:00]}
{[%emt 00:08:01]} Ne5 {[%clk 00:56:36]} {[%emt 00:05:39]} 18. Qe2 {[%clk
01:01:37]} {[%emt 00:01:52]} Ng6 {[%clk 00:50:51]} {[%emt 00:06:15]} 19. Rad1
{[%clk 00:54:08]} {[%emt 00:07:59]} Rbd8 {[%clk 00:26:09]} {[%emt 00:25:12]}
20. b4 {[%clk 00:43:42]} {[%emt 00:11:25]} Qc8 {[%clk 00:25:30]} {[%emt
00:01:40]} 21. Qh5 {[%clk 00:37:05]} {[%emt 00:07:07]} Qa6 {[%clk 00:22:25]}
{[%emt 00:03:36]} 22. Rfe1 {[%clk 00:27:39]} {[%emt 00:09:54]} Nf8 {[%clk
00:14:40]} {[%emt 00:08:15]} 23. Bb3 {[%clk 00:22:09]} {[%emt 00:06:00]} Nd7
{[%clk 00:14:18]} {[%emt 00:00:53]} 24. Nb2 {[%clk 00:16:46]} {[%emt 00:05:53]}
Nf6 {[%clk 00:12:24]} {[%emt 00:02:24]} 25. Qf3 {[%clk 00:16:07]} {[%emt
00:01:09]} Ne4 {[%clk 00:12:10]} {[%emt 00:00:45]} 26. Bd4 {[%clk 00:13:45]}
{[%emt 00:02:51]} f6 {[%clk 00:07:34]} {[%emt 00:05:06]} 27. Qe3 {[%clk
00:10:20]} {[%emt 00:03:55]} Be5 {[%clk 00:06:10]} {[%emt 00:01:54]} 28. Bxe5
{[%clk 00:09:08]} {[%emt 00:01:42]} fxe5 {[%clk 00:06:31]} {[%emt 00:00:09]}
29. f3 {[%clk 00:08:45]} {[%emt 00:00:52]} Nf6 {[%clk 00:05:56]} {[%emt
00:01:05]} 30. Qxe5 {[%clk 00:06:21]} {[%emt 00:02:54]} Bxh3 {[%clk 00:06:15]}
{[%emt 00:00:11]} 31. Qg3 {[%clk 00:06:31]} {[%emt 00:00:20]} Bf5 {[%clk
00:06:25]} {[%emt 00:00:20]} 32. a4 {[%clk 00:04:01]} {[%emt 00:03:01]} Re2
{[%clk 00:05:24]} {[%emt 00:01:30]} 33. Rxe2 {[%clk 00:02:33]} {[%emt
00:01:58]} Qxe2 {[%clk 00:05:41]} {[%emt 00:00:13]} 34. Qf2 {[%clk 00:02:47]}
{[%emt 00:00:16]} Re8 {[%clk 00:05:33]} {[%emt 00:00:39]} 35. Rd2 {[%clk
00:02:14]} {[%emt 00:01:03]} Qe5 {[%clk 00:04:00]} {[%emt 00:02:03]} 36. Qd4
{[%clk 00:01:47]} {[%emt 00:00:57]} Qe1+ {[%clk 00:04:09]} {[%emt 00:00:20]}
37. Kh2 {[%clk 00:02:08]} {[%emt 00:00:09]} Ng4+ {[%clk 00:04:22]} {[%emt
00:00:17]} 38. Kh3 {[%clk 00:01:34]} {[%emt 00:01:03]} Qh1+ {[%clk 00:04:32]}
{[%emt 00:00:21]} 39. Kg3 {[%clk 00:01:55]} {[%emt 00:00:10]} Qh2# {[%clk
00:04:55]} {[%emt 00:00:06]} 0-1

[Event "DEM U14w 2023"]
[Site "Willingen GER"]
[Date "2023.05.31"]
[Round "6"]
[White "Chandrasekher, Ritu"]
[Black "Bezsonna, Polina"]
[Result "0-1"]
[Termination "normal"]
[Board "7"]
[WhiteElo "1268"]
[BlackElo "1629"]
[WhiteClock "00:45:27"]
[BlackClock "00:43:35"]
[PlyCount "132"]
[WhiteFideId "34609024"]
[BlackFideId "14191156"]
[EventCountry "GER"]
[EventRounds "9"]
[EventType "swiss"]
[EventDate "2023.05.27"]

1. d4 {[%clk 01:30:56]} {[%emt 00:00:03]} c5 {[%clk 01:30:56]} {[%emt
00:00:05]} 2. d5 {[%clk 01:31:12]} {[%emt 00:00:14]} Nf6 {[%clk 01:31:21]}
{[%emt 00:00:06]} 3. Nc3 {[%clk 01:31:18]} {[%emt 00:00:23]} g6 {[%clk
01:31:34]} {[%emt 00:00:17]} 4. e4 {[%clk 01:31:28]} {[%emt 00:00:20]} d6
{[%clk 01:31:35]} {[%emt 00:00:30]} 5. Bd3 {[%clk 01:31:36]} {[%emt 00:00:21]}
Bg7 {[%clk 01:31:42]} {[%emt 00:00:23]} 6. Bf4 {[%clk 01:31:21]} {[%emt
00:00:44]} O-O {[%clk 01:31:51]} {[%emt 00:00:22]} 7. Qd2 {[%clk 01:31:25]}
{[%emt 00:00:27]} b6 {[%clk 01:29:26]} {[%emt 00:02:55]} 8. h4 {[%clk
01:30:15]} {[%emt 00:01:39]} h5 {[%clk 01:29:06]} {[%emt 00:00:51]} 9. Nf3
{[%clk 01:28:40]} {[%emt 00:02:05]} Na6 {[%clk 01:26:34]} {[%emt 00:03:02]} 10.
Bh6 {[%clk 01:25:57]} {[%emt 00:03:12]} Nc7 {[%clk 01:24:52]} {[%emt 00:02:13]}
11. O-O-O {[%clk 01:23:50]} {[%emt 00:02:36]} b5 {[%clk 01:22:54]} {[%emt
00:02:29]} 12. Bxg7 {[%clk 01:19:52]} {[%emt 00:04:27]} Kxg7 {[%clk 01:22:45]}
{[%emt 00:00:39]} 13. Ng5 {[%clk 01:17:50]} {[%emt 00:02:32]} c4 {[%clk
01:19:48]} {[%emt 00:03:28]} 14. Be2 {[%clk 01:16:29]} {[%emt 00:01:50]} a5
{[%clk 01:18:55]} {[%emt 00:01:23]} 15. Qd4 {[%clk 01:12:44]} {[%emt 00:04:13]}
Re8 {[%clk 01:02:00]} {[%emt 00:17:27]} 16. g4 {[%clk 01:06:47]} {[%emt
00:06:25]} Rh8 {[%clk 00:54:12]} {[%emt 00:08:20]} 17. gxh5 {[%clk 01:05:20]}
{[%emt 00:01:57]} gxh5 {[%clk 00:54:33]} {[%emt 00:00:08]} 18. Rhg1 {[%clk
01:02:36]} {[%emt 00:03:14]} Kf8 {[%clk 00:54:33]} {[%emt 00:00:30]} 19. e5
{[%clk 00:56:15]} {[%emt 00:06:52]} dxe5 {[%clk 00:54:38]} {[%emt 00:00:25]}
20. Qxe5 {[%clk 00:55:47]} {[%emt 00:00:58]} Qd6 {[%clk 00:53:29]} {[%emt
00:01:38]} 21. Qd4 {[%clk 00:51:10]} {[%emt 00:05:07]} Bf5 {[%clk 00:52:52]}
{[%emt 00:01:08]} 22. Nge4 {[%clk 00:47:07]} {[%emt 00:04:34]} Bxe4 {[%clk
00:49:44]} {[%emt 00:03:37]} 23. Nxe4 {[%clk 00:46:41]} {[%emt 00:00:56]} Qf4+
{[%clk 00:49:43]} {[%emt 00:00:31]} 24. Kb1 {[%clk 00:45:29]} {[%emt 00:01:42]}
Qxe4 {[%clk 00:49:15]} {[%emt 00:00:58]} 25. Qxe4 {[%clk 00:44:16]} {[%emt
00:01:42]} Nxe4 {[%clk 00:49:37]} {[%emt 00:00:08]} 26. f3 {[%clk 00:43:59]}
{[%emt 00:00:47]} Nd6 {[%clk 00:49:37]} {[%emt 00:00:32]} 27. f4 {[%clk
00:42:46]} {[%emt 00:01:42]} Rd8 {[%clk 00:44:23]} {[%emt 00:05:44]} 28. Rg5
{[%clk 00:41:36]} {[%emt 00:01:41]} Ne4 {[%clk 00:44:09]} {[%emt 00:00:43]} 29.
Re5 {[%clk 00:41:43]} {[%emt 00:00:22]} Nf6 {[%clk 00:43:53]} {[%emt 00:00:46]}
30. Bf3 {[%clk 00:40:43]} {[%emt 00:01:31]} Rd6 {[%clk 00:43:03]} {[%emt
00:01:21]} 31. c3 {[%clk 00:39:17]} {[%emt 00:01:55]} Rg8 {[%clk 00:41:57]}
{[%emt 00:01:35]} 32. Bxh5 {[%clk 00:39:04]} {[%emt 00:00:44]} Nxh5 {[%clk
00:41:12]} {[%emt 00:01:15]} 33. Rxh5 {[%clk 00:38:55]} {[%emt 00:00:38]} Rg4
{[%clk 00:40:55]} {[%emt 00:00:47]} 34. Rh1 {[%clk 00:38:18]} {[%emt 00:01:06]}
Rxd5 {[%clk 00:40:27]} {[%emt 00:00:59]} 35. Rxd5 {[%clk 00:37:05]} {[%emt
00:01:44]} Nxd5 {[%clk 00:40:52]} {[%emt 00:00:05]} 36. h5 {[%clk 00:37:26]}
{[%emt 00:00:08]} Kg7 {[%clk 00:38:17]} {[%emt 00:03:05]} 37. f5 {[%clk
00:37:22]} {[%emt 00:00:35]} Nf6 {[%clk 00:38:12]} {[%emt 00:00:35]} 38. h6+
{[%clk 00:37:25]} {[%emt 00:00:27]} Kh7 {[%clk 00:38:36]} {[%emt 00:00:06]} 39.
Kc1 {[%clk 00:37:49]} {[%emt 00:00:05]} Rf4 {[%clk 00:38:44]} {[%emt 00:00:23]}
40. b3 {[%clk 00:38:01]} {[%emt 00:00:18]} cxb3 {[%clk 00:38:58]} {[%emt
00:00:16]} 41. axb3 {[%clk 00:38:19]} {[%emt 00:00:12]} Rxf5 {[%clk 00:39:22]}
{[%emt 00:00:06]} 42. Kb2 {[%clk 00:38:42]} {[%emt 00:00:07]} Nh5 {[%clk
00:39:35]} {[%emt 00:00:16]} 43. Re1 {[%clk 00:38:53]} {[%emt 00:00:20]} e6
{[%clk 00:39:58]} {[%emt 00:00:07]} 44. c4 {[%clk 00:38:54]} {[%emt 00:00:28]}
bxc4 {[%clk 00:40:00]} {[%emt 00:00:29]} 45. bxc4 {[%clk 00:39:13]} {[%emt
00:00:11]} Kxh6 {[%clk 00:40:17]} {[%emt 00:00:13]} 46. Rc1 {[%clk 00:39:35]}
{[%emt 00:00:08]} Rc5 {[%clk 00:40:30]} {[%emt 00:00:17]} 47. Kc3 {[%clk
00:39:55]} {[%emt 00:00:09]} Ng3 {[%clk 00:40:18]} {[%emt 00:00:42]} 48. Kd4
{[%clk 00:40:10]} {[%emt 00:00:16]} Ne2+ {[%clk 00:40:03]} {[%emt 00:00:45]}
49. Kxc5 {[%clk 00:40:26]} {[%emt 00:00:14]} Nxc1 {[%clk 00:40:28]} {[%emt
00:00:06]} 50. Kb5 {[%clk 00:40:44]} {[%emt 00:00:11]} Nd3 {[%clk 00:40:39]}
{[%emt 00:00:19]} 51. Kxa5 {[%clk 00:41:00]} {[%emt 00:00:15]} f5 {[%clk
00:40:37]} {[%emt 00:00:31]} 52. Ka4 {[%clk 00:41:16]} {[%emt 00:00:15]} f4
{[%clk 00:40:11]} {[%emt 00:00:55]} 53. Kb3 {[%clk 00:41:39]} {[%emt 00:00:08]}
Nc5+ {[%clk 00:39:43]} {[%emt 00:00:58]} 54. Kc3 {[%clk 00:41:50]} {[%emt
00:00:18]} e5 {[%clk 00:39:56]} {[%emt 00:00:16]} 55. Kd2 {[%clk 00:42:03]}
{[%emt 00:00:17]} Kg5 {[%clk 00:40:13]} {[%emt 00:00:14]} 56. Ke2 {[%clk
00:42:26]} {[%emt 00:00:07]} e4 {[%clk 00:40:37]} {[%emt 00:00:06]} 57. Kf2
{[%clk 00:42:50]} {[%emt 00:00:05]} Kf5 {[%clk 00:41:01]} {[%emt 00:00:07]} 58.
Ke2 {[%clk 00:42:56]} {[%emt 00:00:25]} Ke5 {[%clk 00:41:22]} {[%emt 00:00:09]}
59. Kf2 {[%clk 00:43:13]} {[%emt 00:00:11]} Kd4 {[%clk 00:41:41]} {[%emt
00:00:11]} 60. Ke2 {[%clk 00:43:26]} {[%emt 00:00:18]} f3+ {[%clk 00:41:51]}
{[%emt 00:00:20]} 61. Kf2 {[%clk 00:43:44]} {[%emt 00:00:11]} Kd3 {[%clk
00:42:03]} {[%emt 00:00:19]} 62. Ke1 {[%clk 00:44:04]} {[%emt 00:00:10]} e3
{[%clk 00:42:27]} {[%emt 00:00:06]} 63. Kf1 {[%clk 00:44:18]} {[%emt 00:00:15]}
Kd2 {[%clk 00:42:44]} {[%emt 00:00:14]} 64. Kg1 {[%clk 00:44:41]} {[%emt
00:00:07]} e2 {[%clk 00:43:07]} {[%emt 00:00:06]} 65. Kh2 {[%clk 00:45:02]}
{[%emt 00:00:10]} e1=Q {[%clk 00:43:18]} {[%emt 00:00:18]} 66. Kh3 {[%clk
00:45:27]} {[%emt 00:00:05]} Ne4 {[%clk 00:43:35]} {[%emt 00:00:14]} 0-1